The worth of women's work : a qualitative synthesis /

Bibliographic Details
Main Author: Statham, Anne
Other Authors: Miller, Eleanor M., 1948-, Mauksch, Hans O.
Format: Book
Language:English
Published: Albany : State University of New York Press, [1988]
Series:SUNY series on women and work.
Subjects:

MARC

Tag First Indicator Second Indicator Subfields
LEADER 00000cam a2200000 a 4500
001 in00000013558
005 20151007052512.0
008 870303s1988 nyu b s00110 eng
010 |a  87006472  
020 |a 0887065910 
020 |a 0887065929 (pbk.) 
035 |a (OCoLC)15366197 
035 |9 AAA8049AM 
040 |a DLC  |c DLC  |d TXA  |d UtOrBLW 
043 |a n-us--- 
049 |a TXAM  |c [A11486680] 
050 0 0 |a HD6095  |b .S73 1988 
082 0 |a 331.4/0973  |2 19 
100 1 |a Statham, Anne. 
245 1 4 |a The worth of women's work :  |b a qualitative synthesis /  |c Anne Statham, Eleanor M. Miller, and Hans O. Mauksch. 
264 1 |a Albany :  |b State University of New York Press,  |c [1988] 
264 4 |c ©1988 
300 |a xiv, 331 pages ;  |c 24 cm. 
336 |a text  |b txt  |2 rdacontent 
337 |a unmediated  |b n  |2 rdamedia 
338 |a volume  |b nc  |2 rdacarrier 
490 1 |a SUNY series on women and work 
504 |a Includes bibliographies and indexes. 
650 0 |a Women  |x Employment  |z United States. 
700 1 |a Miller, Eleanor M.,  |d 1948- 
700 1 |a Mauksch, Hans O. 
830 0 |a SUNY series on women and work. 
999 |a MARS 
999 f f |s b2c007bb-7fa4-3511-a857-4d72ccdb3a3e  |i 8841782c-20ba-318f-afe3-741ed2516805  |t 0 
952 f f |p ric  |a Texas A&M University  |b Rellis Campus  |c Joint Library Facility  |d Remote Storage  |t 0  |e HD6095 .S73 1988  |h Library of Congress classification  |i unmediated -- volume  |m A14811486680 
998 f f |a HD6095 .S73 1988  |t 0  |l Remote Storage